[Event "Jakarta"]
[Site "Jakarta"]
[Date "1996.??.??"]
[Round "?"]
[White "Gunawan, Ronny"]
[Black "Adianto, Utut"]
[Result "1-0"]
[WhiteElo "2425"]
[BlackElo "2605"]

1.Nf3 Nf6 2.d4 e6 3.c4 Bb4+ 4.Nbd2 d5 5.a3 Be7 6.Qc2 O-O 7.e4 dxe4 8.Nxe4 Nc6
9.Be3 Nxe4 10.Qxe4 f5 11.Qd3 f4 12.Bd2 e5 13.dxe5 Bg4 14.Bc3 Qe8 15.Be2 Bf5
16.Qd5+ Kh8 17.O-O-O a6 18.Qd2 b5 19.Bd3 Rd8 20.Qe2 Rxd3 21.Rxd3 b4 22.axb4 Nxb4
23.Bxb4 Bxb4 24.Rhd1 Qa4 25.Nd4 Bg6 26.Nc2 Be7 27.Qd2 f3 28.gxf3 Qxc4 29.Rc3 Qa2
30.Rxc7 Rb8 31.Qd4 Qa5 32.Qd7 Bg5+ 33.Kb1 Rg8 34.Rc8 Qxe5 35.Rxg8+ Kxg8 36.Qd5+ Qxd5
37.Rxd5 Bf4 38.h4 h6 39.b4 Kf7 40.Kb2 Ke6 41.Ra5 Be5+ 42.Kc1 Bd3 43.Kd2 Bf1
44.Ke3 Bf6 45.Nd4+ Kd7 46.Ne2 Bxh4 47.Ra1 Bxe2 48.Kxe2 Be7 49.Rxa6 Bxb4 50.Ra7+ Ke6
51.Rxg7 Kf5 52.Rf7+ Kg6 53.Rb7 Bc5 54.f4 Bd4 55.Kf3 h5 56.Rb4 Ba7 57.Ra4 Bc5
58.Ra6+  1-0

[Event "Kfar Saba"]
[Site "Kfar Saba"]
[Date "1996.??.??"]
[Round "?"]
[White "Lev, Ronen"]
[Black "Alterman, Boris"]
[Result "0-1"]
[WhiteElo "2480"]
[BlackElo "2590"]

1.d4 Nf6 2.Nf3 e6 3.c4 Bb4+ 4.Nbd2 b6 5.a3 Bxd2+ 6.Bxd2 Bb7 7.Bg5 h6 8.Bh4 d6
9.e3 Nbd7 10.Nd2 c5 11.Be2 O-O 12.O-O Rc8 13.b4 Re8 14.Qa4 Qc7 15.Bg3 cxd4
16.exd4 e5 17.dxe5 Nxe5 18.Rfe1 Re6 19.Bf1 Rce8 20.Rac1 Bc6 21.Qb3 Nh5 22.Bxe5 Rxe5
23.Rxe5 dxe5 24.c5 b5 25.Re1 Nf6 26.Qc3 a6 27.Nb3 Nd5 28.Qb2 e4 29.Na5 Bd7
30.Qd4 Nf6 31.h3 Re5 32.c6 Be6 33.a4 Rd5 34.Qc3 Rg5 35.axb5 axb5 36.Kh1 Nd5
37.Qd4 e3 38.Re2 Rf5 39.Kg1 Rf4 40.Qc5 Rxb4 41.Nb7 Rc4 42.Qd6 Rxc6 43.Qd8+ Qxd8
44.Nxd8 Rc3 45.Re1 b4 46.Nxe6 fxe6 47.Rb1 Rc2 48.fxe3 Nxe3 49.Bb5 Nd5 50.Bd7 Kf7
51.Re1 Nc7 52.Ba4 Rb2  0-1

[Event "JUG-ch sf"]
[Site "Kladovo"]
[Date "1996.??.??"]
[Round "?"]
[White "Petronic, Jovan"]
[Black "Knezevic, Bojan"]
[Result "1-0"]
[WhiteElo "2435"]
[BlackElo "2380"]

1.d4 Nf6 2.c4 e6 3.Nf3 Bb4+ 4.Nbd2 b6 5.e3 Bb7 6.a3 Bxd2+ 7.Qxd2 d6 8.Be2 Nbd7
9.O-O O-O 10.b4 Ne4 11.Qc2 c5 12.Ne1 f5 13.f3 Nef6 14.Bb2 Qe7 15.Nd3 Rac8
16.dxc5 bxc5 17.b5 e5 18.Nf2 Ne8 19.Bd3 g6 20.f4 Ng7 21.Rae1 g5 22.Nd1 Rce8
23.Bc3 e4 24.Be2 Ne6 25.g3 gxf4 26.gxf4 Qh4 27.Qd2 Kf7 28.Qxd6 Rg8+ 29.Kh1 Rd8
30.Rg1 Rg6 31.Ref1 Qh3 32.Rxg6 hxg6 33.Rg1 Ndf8 34.Qe5 Qh4 35.Be1 Qh6 36.Ba5 Nd7
37.Qb2 Rh8 38.Bf1 Nxf4 39.Bc3 Rh7 40.Rg3  1-0

[Event "JUG-ch sf"]
[Site "Kladovo"]
[Date "1996.??.??"]
[Round "?"]
[White "Mijailovic, Zoran"]
[Black "Certic, Branimir"]
[Result "1-0"]
[WhiteElo "2360"]
[BlackElo "2440"]

1.d4 e6 2.Nf3 Nf6 3.c4 Bb4+ 4.Nbd2 d6 5.g3 O-O 6.Bg2 Qe7 7.O-O e5 8.a3 Bxd2
9.Bxd2 c5 10.d5 Ne4 11.Bc1 f5 12.Ne1 h6 13.e3 Nd7 14.Nd3 Nef6 15.b3 b5 16.Qc2 Ba6
17.f4 bxc4 18.bxc4 e4 19.Nb2 Rfb8 20.Bh3 g6 21.Bd2 Rxb2 22.Qxb2 Bxc4 23.Qb7 Bxd5
24.Qa6 h5 25.Rab1 Kf7 26.Rfc1 h4 27.gxh4 Rh8 28.Be1 Nb6 29.Qe2 Be6 30.Bf1 Nfd5
31.Qd2 Qd7 32.Bb5 Qe7 33.a4 Nb4 34.a5 N6d5 35.Bc4 Qb7 36.Qb2 Rb8 37.Qf2 Qc7
38.h5 gxh5 39.Qh4 Rg8+ 40.Kh1 Kf8 41.Bb5 Qf7  1-0

[Event "JUG-ch sf"]
[Site "Kladovo"]
[Date "1996.??.??"]
[Round "?"]
[White "Vojinovic, Goran"]
[Black "Raicevic, Ivica"]
[Result "1-0"]
[WhiteElo "2425"]
[BlackElo "2375"]

1.d4 e6 2.c4 Nf6 3.Nf3 Bb4+ 4.Nbd2 O-O 5.a3 Bxd2+ 6.Bxd2 b6 7.Bg5 Bb7 8.e3 d6
9.Be2 c5 10.O-O Qe7 11.Ne1 Nbd7 12.f3 Rfd8 13.e4 Nf8 14.d5 h6 15.Bd2 e5 16.Nc2 Bc8
17.Ne3 Re8 18.b4 Nh5 19.Rf2 Nf4 20.Bf1 Nh7 21.g3 Ng6 22.h4 Nf6 23.Rh2 Bd7
24.Be1 Qf8 25.Rb1 Red8 26.bxc5 bxc5 27.Rhb2 Rdb8 28.Rb7 Rxb7 29.Rxb7 Bc8
30.Rb2 Nh5 31.Qb1 Bd7 32.Rb7 Qd8 33.Qb2 Nf8 34.Kh2 g5 35.g4 Qf6 36.Qf2 Nf4
37.h5 Qd8 38.Qb2 Qf6 39.Kg3 Qd8 40.Nd1 Nh7 41.Nc3 Nf6 42.Nb5 Bxg4 43.fxg4 Qc8
44.Nxd6 Qxg4+ 45.Kh2 Qxh5+ 46.Kg1 Qg4+ 47.Bg2 Qd1 48.Qd2 Qa1 49.Bf1 Rf8 50.Nf5 Qxa3
51.Qc3 Qxc3 52.Bxc3 Nxe4 53.Bxe5 Ng6 54.Nxh6+ Kh7 55.Nxf7  1-0

[Event "Klatovy op"]
[Site "Klatovy"]
[Date "1996.??.??"]
[Round "?"]
[White "Kozak, Milos"]
[Black "Roj, Miroslav"]
[Result "1/2-1/2"]
[WhiteElo "2285"]
[BlackElo "2230"]

1.d4 Nf6 2.Nf3 e6 3.c4 Bb4+ 4.Nbd2 O-O 5.a3 Be7 6.e4 d5 7.Bd3 dxe4 8.Nxe4 Nxe4
9.Bxe4 Nd7 10.O-O c5  1/2-1/2

[Event "La Coruna op"]
[Site "La Coruna"]
[Date "1996.??.??"]
[Round "?"]
[White "Baron Rodriguez, Jorge"]
[Black "Maric, Mirjana"]
[Result "1-0"]
[WhiteElo "2245"]
[BlackElo "2320"]

1.d4 Nf6 2.Nf3 e6 3.c4 Bb4+ 4.Nbd2 O-O 5.a3 Bxd2+ 6.Bxd2 Ne4 7.g3 d6 8.Bg2 f5
9.O-O Nd7 10.b4 Qe7 11.Rc1 c5 12.Be3 Ndf6 13.Nd2 cxb4 14.Nxe4 fxe4 15.axb4 Bd7
16.Qd2 Rfc8 17.f3 d5 18.c5 h6 19.Bf4 Bc6 20.Bd6 Qd7 21.Qe3 Qe8 22.Be5 exf3
23.exf3 Qg6 24.Rfe1 Re8 25.Bf1 a6 26.Bd3 Qf7 27.Re2 Nh7 28.Bf4 Nf8 29.Rce1 Qd7
30.Bd6 Bb5 31.Bxf8 Rxf8 32.Bxb5 axb5 33.Qxe6+ Qxe6 34.Rxe6 Rxf3 35.Re8+ Rxe8
36.Rxe8+ Rf8 37.Re6 Rd8 38.Rb6 Rd7 39.Rxb5 Kf7 40.Rb6 Ke7 41.Kf2 Kd8 42.b5 Kc8
43.Re6 Rf7+ 44.Ke3 Kc7 45.Rd6 Rf5 46.g4 Rf1 47.Rxd5 Rg1 48.Kf4 Rf1+ 49.Ke5 Rg1
50.h3 Re1+ 51.Kf5 Rh1 52.b6+ Kc8 53.Rd6 Rxh3 54.Rg6 h5 55.Rxg7 hxg4 56.Rxg4 Rh7
57.Rg8+ Kd7 58.Rb8 Kc6 59.Ke4 Re7+ 60.Kd3 Rd7 61.Rc8+ Kb5 62.Rc7 Rd8 63.Rxb7 Rh8
64.Rc7 Rh3+ 65.Ke4 Rh4+ 66.Kd5 Rh5+ 67.Ke6 Rh6+ 68.Kd7 Rh7+ 69.Kc8 Rh8+ 70.Kb7 Rd8
71.Rh7 Rxd4 72.c6 Rd6 73.Rh5+  1-0

[Event "VfB op 3rd"]
[Site "Leipzig"]
[Date "1996.??.??"]
[Round "9"]
[White "Luechtemeier, Peter"]
[Black "Broberg, Horst"]
[Result "1/2-1/2"]
[WhiteElo "2110"]
[BlackElo "2210"]

1.d4 Nf6 2.Nf3 e6 3.c4 Bb4+ 4.Nbd2 O-O 5.e3 d6 6.Be2 Qe7 7.O-O Bxd2 8.Qxd2 e5
9.d5 a5 10.b3 b6 11.a3 Nbd7 12.Bb2 Ne4 13.Qc2 f5 14.Nd2 Nxd2 15.Qxd2 Nc5
16.Qd1 f4 17.b4 Ne4 18.f3 Ng5 19.exf4 Rxf4 20.Bc1 Rf8 21.Be3 Bf5 22.Qd2 h6
23.c5 bxc5 24.bxc5 Rfb8 25.Rfc1 Nh7 26.cxd6 cxd6 27.Rc6 Nf6 28.Rac1 Bd7 29.Rc7 Ne8
30.Ra7 a4 31.Rxa8 Rxa8 32.Qb4 Nf6 33.Rc7 Ne8 34.Rb7 Qd8 35.Bd3 Rc8 36.Bg6 Qf6
37.Qe4 Qd8 38.Rxd7 Qxd7 39.Bf5 Qc7 40.Bxc8 Qxc8 41.Qxa4 Nf6 42.Qc6 Qf5 43.Qxd6 Qb1+
44.Kf2 Qc2+ 45.Ke1 e4 46.Qe6+  1/2-1/2

[Event "Wch U26"]
[Site "Leon"]
[Date "1996.??.??"]
[Round "7"]
[White "San Segundo, Pablo"]
[Black "Teran Alvarez, Ismael"]
[Result "1-0"]
[WhiteElo "2505"]
[BlackElo "2325"]

1.d4 Nf6 2.Nf3 e6 3.c4 Bb4+ 4.Nbd2 b6 5.a3 Bxd2+ 6.Bxd2 Bb7 7.Bg5 d6 8.Bh4 Nbd7
9.e3 O-O 10.Bd3 c5 11.O-O cxd4 12.exd4 d5 13.b3 Rc8 14.Re1 Qc7 15.Ne5 Ne4
16.cxd5 exd5 17.Nxd7 Qxd7 18.f3 Nd6 19.Re7 Qc6 20.Bg3 Rc7 21.Qe1 Rxe7 22.Qxe7 Nc8
23.Bxh7+ Kxh7 24.Qxf8 Qc3 25.Rd1 Qxb3 26.Re1 Qc3 27.Qxf7 Nd6 28.Qh5+ Kg8
29.Qe5  1-0

[Event "Anibal op 3rd"]
[Site "Linares"]
[Date "1996.??.??"]
[Round "?"]
[White "Kozul, Zdenko"]
[Black "Cebalo, Miso"]
[Result "1-0"]
[WhiteElo "2580"]
[BlackElo "2495"]

1.d4 Nf6 2.c4 e6 3.Nf3 Bb4+ 4.Nbd2 b6 5.a3 Bxd2+ 6.Qxd2 Bb7 7.e3 O-O 8.Bd3 Ne4
9.Qc2 f5 10.O-O d6 11.Nd2 Qh4 12.f3 Ng5 13.d5 Rf6 14.f4 Nh3+ 15.gxh3 Rg6+
16.Kh1 Qxh3 17.Rg1 Rxg1+ 18.Kxg1 Qxe3+ 19.Kg2 Qxf4 20.Nf3 Qg4+ 21.Kf2 Nd7
22.Bd2 Ne5 23.Nxe5 dxe5 24.Rg1 Qh4+ 25.Kf1 Qh3+ 26.Rg2 exd5 27.Kg1 d4 28.Rg3 Qh4
29.Bg5 Qh5 30.Bf6 Kf7 31.Bxe5 Re8 32.Be2  1-0

[Event "Ljubljana op"]
[Site "Ljubljana"]
[Date "1996.??.??"]
[Round "3"]
[White "Burmakin, Vladimir"]
[Black "Vukanovic, Sasa"]
[Result "0-1"]
[WhiteElo "2535"]
[BlackElo "2360"]

1.d4 Nf6 2.Nf3 e6 3.c4 Bb4+ 4.Nbd2 b6 5.a3 Bxd2+ 6.Bxd2 Bb7 7.Bg5 d6 8.e3 h6
9.Bh4 Nbd7 10.h3 Qe7 11.Be2 g5 12.Bg3 Ne4 13.Bh2 h5 14.Bg1 O-O-O 15.Kf1 Qf6
16.Bd3 g4 17.Bxe4 Bxe4 18.Nd2 Bd3+ 19.Ke1 Qg6 20.h4 e5 21.d5 Bc2 22.Qc1 Nc5
23.Ke2 Qd3+ 24.Ke1 Nb3 25.Nxb3 Bxb3 26.Qc3 Qxc3+ 27.bxc3 Bxc4 28.Rd1 f5  0-1

[Event "Ljubljana op"]
[Site "Ljubljana"]
[Date "1996.??.??"]
[Round "5"]
[White "Bukic, Enver"]
[Black "Dizdar, Selim"]
[Result "1/2-1/2"]
[WhiteElo "2435"]
[BlackElo "2400"]

1.d4 Nf6 2.Nf3 e6 3.c4 Bb4+ 4.Nbd2 Nc6 5.a3 Bxd2+ 6.Bxd2 d6 7.Bg5 O-O 8.e3 e5
9.dxe5 dxe5 10.Qc2 Re8 11.Be2 Bg4 12.O-O Qe7 13.Rfd1 Rad8 14.b4 Rxd1+ 15.Rxd1 h6
16.Bxf6 Qxf6 17.h3 Bf5 18.Qc3 Qe7 19.b5 e4 20.bxc6 exf3 21.Bxf3 b6 22.Qb4 Qf6
23.Bd5 Qg5 24.Kf1 Be4 25.Bxe4 Rxe4 26.Qb5 Qf6 27.Kg1 Re6 28.Rd4 Rxc6 29.Qb3 Rd6
30.Qd3  1/2-1/2

[Event "London"]
[Site "London"]
[Date "1996.??.??"]
[Round "1"]
[White "Grooten, Herman"]
[Black "Martin, Benjamin"]
[Result "0-1"]
[WhiteElo "2370"]
[BlackElo "2375"]

1.d4 Nf6 2.c4 e6 3.Nf3 Bb4+ 4.Nbd2 b6 5.a3 Bxd2+ 6.Bxd2 Bb7 7.g3 O-O 8.Bg2 Be4
9.b4 d6 10.O-O Nbd7 11.Qb3 c5 12.dxc5 bxc5 13.Rfd1 Qb6 14.Bf4 d5 15.Rac1 Rac8
16.cxd5 Bxd5 17.Qb1 cxb4 18.axb4 h6 19.Be3 Qb7 20.Qb2 a5 21.b5 Rb8 22.Rb1 Be4
23.Bf4 Bxb1 24.Bxb8 Be4 25.Bd6 Rc8 26.Ne1 Bxg2 27.Nxg2 Ne4 28.Bf4 Rc5 29.b6 Qxb6
30.Qa3 Rc3 31.Qe7 Qxf2+ 32.Kh1 Qxe2 33.Re1 Nf2+ 34.Kg1 Nh3+ 35.Kh1 Rf3 36.Qe8+ Kh7
37.Be3 Rf1+ 38.Bg1 Nf2+  0-1

[Event "Maribor"]
[Site "Maribor"]
[Date "1996.??.??"]
[Round "?"]
[White "Kozul, Zdenko"]
[Black "Grosar, Aljosa"]
[Result "1-0"]
[WhiteElo "2580"]
[BlackElo "2470"]

1.d4 Nf6 2.c4 e6 3.Nf3 Bb4+ 4.Nbd2 d5 5.a3 Be7 6.Qc2 b6 7.e4 dxe4 8.Nxe4 Bb7
9.Bd3 Nc6 10.Be3 Ng4 11.O-O-O f5 12.Nc3 O-O 13.d5 Nce5 14.Nd4 Bc8 15.Nxe6 Bxe6
16.dxe6 Nxe3 17.fxe3 Nxd3+ 18.Qxd3 Qxd3 19.Rxd3 Rfd8 20.Nd5 Bd6 21.h3 Re8
22.e7 Kf7 23.Rf1 Ke6 24.e4 fxe4 25.Re1 Kf5 26.g4+ Ke6 27.Rxe4+ Kd7 28.b4 Kc6
29.Kc2 Rac8 30.Rf3 Rg8 31.Rf7 Rce8 32.Ne3 Kd7 33.Nf5 h5 34.Nxg7 Rxe7 35.Rexe7+ Bxe7
36.Nf5 hxg4 37.Nxe7 Rg5 38.hxg4 Rxg4 39.Nd5+ Kd6 40.Rf6+ Kd7 41.Kb3 a6 42.Rf7+  1-0

[Event "Wch U20"]
[Site "Medellin"]
[Date "1996.??.??"]
[Round "6"]
[White "Irzhanov, Ruslan"]
[Black "Maherramzade, Javad"]
[Result "1/2-1/2"]
[WhiteElo "2535"]
[BlackElo "2415"]

1.d4 Nf6 2.c4 e6 3.Nf3 Bb4+ 4.Nbd2 O-O 5.a3 Bxd2+ 6.Qxd2 b6 7.g3 Bb7 8.Bg2 d6
9.O-O Nbd7 10.b4 a5 11.Bb2 axb4 12.axb4 b5 13.cxb5 Nb6 14.Rxa8 Qxa8 15.Rc1 Rc8
16.Ra1 Qb8 17.Qd1 Nc4 18.Bc3 Bd5 19.Qa4 Ne4 20.Be1 f5 21.h4 h6 22.Nh2 Rf8
23.Nf1 Qe8 24.Rc1 Nf6 25.f3 e5 26.dxe5 dxe5 27.Bf2 Qd7 28.Qa7 Qxb5 29.Qxc7 Qxb4
30.Bh3 Ne8 31.Qd7 Ned6 32.Ne3 Qa5 33.Rxc4 Bxc4 34.Nxc4 Qa1+ 35.Kg2 Nxc4 36.Bxf5 Nd2
37.Kh3 Qf1+ 38.Kg4 Qxf2 39.Be6+ Kh8 40.Qxd2 h5+ 41.Kxh5 Qxg3 42.Qg5 Qh2 43.Qe7 Qf4
44.Qg5 Rf6 45.Qxf4 exf4 46.Bc4 Rc6 47.Bb3 Rb6 48.Bc4 Rc6 49.Bd3  1/2-1/2

[Event "Wch U20"]
[Site "Medellin"]
[Date "1996.??.??"]
[Round "9"]
[White "Wu Wenjin"]
[Black "Maherramzade, Javad"]
[Result "1-0"]
[WhiteElo "2230"]
[BlackElo "2415"]

1.d4 Nf6 2.c4 e6 3.Nf3 Bb4+ 4.Nbd2 b6 5.a3 Bxd2+ 6.Nxd2 Bb7 7.Qc2 c5 8.dxc5 bxc5
9.Nb3 d6 10.Bg5 Nbd7 11.e3 O-O 12.Bd3 h6 13.Bh4 Qb6 14.O-O Ng4 15.Rfd1 f5
16.Be2 Ndf6 17.Bg3 Ne4 18.Nd2 Nxg3 19.hxg3 Ne5 20.b4 a5 21.b5 Qc7 22.Rac1 Nd7
23.Bf3 Nb6 24.Bxb7 Qxb7 25.Nb3 a4 26.Nd2 Qf7 27.Nb1 Rfd8 28.Qe2 e5 29.e4 f4
30.gxf4 exf4 31.Rc3 Rd7 32.Nd2 Re8 33.Qg4 Re6 34.Rf3 Rf6 35.Rd3 Re7 36.Rc1 g5
37.Qd1 Qg6 38.f3 h5 39.Nb1 g4 40.Nc3 Nxc4 41.Nd5 Rg7 42.Rxc4 Rf8 43.Kf2 Qg5
44.Qh1 h4 45.fxg4 f3 46.gxf3 Qxg4 47.Ke2 Qg3 48.f4 Qg4+ 49.Kd2 Rxf4 50.Nxf4 Qxf4+
51.Kc2 Qf2+ 52.Kc3 Qf6+ 53.e5 Qxe5+ 54.Kd2 Qb2+ 55.Rc2 Qf6 56.Qd5+ Kh8 57.Qh5+ Kg8
58.Qe8+ Kh7 59.Qe4+ Kh8 60.b6 Re7 61.Qd5 Kh7 62.Rf3 Qh6+ 63.Kc3 Qg7+ 64.Kc4 Qg4+
65.Kb5 Qd7+ 66.Ka5  1-0

[Event "Wch U18"]
[Site "Menorca"]
[Date "1996.??.??"]
[Round "2"]
[White "Tihonov, Jurij"]
[Black "Jovanic, Ognjen"]
[Result "1-0"]
[WhiteElo "2460"]
[BlackElo "2315"]

1.d4 Nf6 2.c4 e6 3.Nf3 Bb4+ 4.Nbd2 O-O 5.a3 Bxd2+ 6.Bxd2 d6 7.Bg5 Nbd7 8.e3 b6
9.Bd3 Bb7 10.O-O Qe8 11.Nd2 h6 12.Bh4 e5 13.d5 a5 14.b3 Qe7 15.f3 g5 16.Bf2 Ne8
17.e4 Ng7 18.b4 f5 19.Qc2 axb4 20.axb4 f4 21.c5 dxc5 22.Nb3 Rxa1 23.Rxa1 Ra8
24.Rxa8+ Bxa8 25.bxc5 bxc5 26.Qa2 Qd8 27.Bb5 Nf6 28.Nxc5 Kh7 29.Nd3 c6 30.dxc6 Bxc6
31.Bc4 g4 32.Qa1 gxf3 33.Nxe5 Bxe4 34.gxf3 Bf5 35.Nf7 Qe7 36.Qd4 Nfh5 37.Qd5 Qe6
38.Qd8 Qc8 39.Qd4 Qd7 40.Nd6 Bg6 41.Qe5 Qd8 42.Ne4 Qe8 43.Qd5 Bf5 44.Bd3 Qg6+
45.Kf1 Nf6 46.Qd4 Nxe4 47.fxe4 Bh3+ 48.Ke1 Qe6 49.e5+ Bf5 50.Bc4 Qe7 51.Qxf4 Qb4+
52.Ke2 Qb2+ 53.Kf3 Qb1 54.Be3 Qh1+ 55.Kf2 Qc6 56.e6 Bxe6 57.Qxh6+ Kg8 58.Bd3 Qc3
59.Bh7+ Kf8 60.Qf4+ Ke7 61.Bd4 Qh3 62.Qf6+ Kd6 63.Qe5+ Kd7 64.Qxg7+ Kd6 65.Qg3+ Ke7
66.Qxh3 Bxh3 67.Kg3 Be6 68.Bg6 Kf8 69.h4  1-0

[Event "Minsk op"]
[Site "Minsk"]
[Date "1996.??.??"]
[Round "3"]
[White "Koutsin, Sergey"]
[Black "Chernuschevich, Alexei"]
[Result "1/2-1/2"]
[WhiteElo "2435"]
[BlackElo "2380"]

1.d4 Nf6 2.Nf3 e6 3.c4 Bb4+ 4.Nbd2 b6 5.g3 Bb7 6.Bg2 c5 7.dxc5 Bxc5 8.O-O O-O
9.b3 d5 10.cxd5 Bxd5 11.Bb2 Nbd7 12.Qb1 Rc8 13.e4 Bb7 14.b4 Be7 15.a3 Qc7
16.Nd4  1/2-1/2

[Event "BLR-ch Minsk"]
[Site "Minsk"]
[Date "1996.??.??"]
[Round "7"]
[White "Smirnov, Valerij"]
[Black "Aleksandrov, Aleksej"]
[Result "0-1"]
[WhiteElo "2395"]
[BlackElo "2535"]

1.d4 Nf6 2.c4 e6 3.Nf3 Bb4+ 4.Nbd2 O-O 5.a3 Be7 6.g3 b6 7.Bg2 Bb7 8.b4 c5
9.bxc5 bxc5 10.Rb1 Bc6 11.e3 Ne4 12.Qc2 Nxd2 13.Bxd2 cxd4 14.exd4 f5 15.d5 exd5
16.O-O Kh8 17.Ne5 d4 18.Nxc6 Nxc6 19.a4 Rc8 20.Rb5 g6 21.a5 a6 22.Rd5 Bf6
23.Qa4 d6 24.c5 Ne5 25.Rxd6 Qc7 26.Rxa6 Qxc5 27.h3 d3 28.Bh6 Bg7 29.Rc1 Qxc1+
30.Bxc1 Rxc1+ 31.Kh2 d2 32.Rd6 Nc4 33.Qb4 Nxd6 34.Qxd2 Ra1 35.Qxd6 Rxa5 36.h4 f4
37.Bd5 Ra4 38.g4 f3 39.Kg3 Rd4 40.Qe6 Rd1 41.Bxf3 Rd3 42.Qe4 Rdxf3+ 43.Qxf3 Rxf3+
44.Kxf3 h6 45.Ke4 Bf6 46.h5 g5 47.Kf5 Kg7 48.f4 Kf7 49.fxg5 hxg5 50.h6 Bd8
51.h7 Kg7 52.Ke6 Kxh7 53.Kf7 Ba5  0-1

[Event "Mondariz op"]
[Site "Mondariz"]
[Date "1996.??.??"]
[Round "?"]
[White "Gonzalez Garcia, Jose"]
[Black "Tjiam, Dharma"]
[Result "0-1"]
[WhiteElo "2460"]
[BlackElo "2350"]

1.d4 Nf6 2.Nf3 e6 3.c4 Bb4+ 4.Nbd2 b6 5.a3 Bxd2+ 6.Bxd2 Bb7 7.Bg5 d6 8.e3 Nbd7
9.Be2 h6 10.Bh4 Qe7 11.Nd2 e5 12.d5 O-O 13.O-O a5 14.Qc2 a4 15.e4 g5 16.Bg3 Nc5
17.Rfe1 Bc8 18.f3 Nh5 19.Bf2 Nf4 20.Bf1 Qf6 21.Kh1 Kg7 22.Bxc5 bxc5 23.Nb1 Bd7
24.Nc3 Qg6 25.g3 Nh5 26.Nb5 Bxb5 27.cxb5 Nf6 28.Bd3 Nd7 29.Kg2 h5 30.Rh1 h4
31.Rag1 Rh8 32.Kf2 Kf8 33.Ke1 Ke7 34.Kd1 Qf6 35.Qg2 Nb6 36.Kc1 c4 37.Bc2 Ra5
38.gxh4 gxh4 39.Qd2 Rxb5 40.Qc3 Rb8 41.Rg2 h3 42.Rf2 Qf4+ 43.Kb1 Rg8 44.Bxa4 Nxa4
45.Qxc4 Rc5 46.Qxa4 Rg2 47.Rxg2 hxg2 48.Rg1 Qxf3 49.Qb4 Qd3+ 50.Ka2 Rc2 51.Qe1 Qc4+
52.Ka1 Ke8 53.h4 Qd4 54.Qb1 Rxb2 55.Qxb2 Qxg1+ 56.Ka2 Qf1  0-1

[Event "Moscow-ch"]
[Site "Moscow"]
[Date "1996.??.??"]
[Round "6"]
[White "Zaitsev, Mikhail"]
[Black "Mozaliov, SV."]
[Result "0-1"]
[WhiteElo "2255"]
[BlackElo "2300"]

1.d4 Nf6 2.c4 e6 3.Nf3 Bb4+ 4.Nbd2 O-O 5.a3 Be7 6.e4 d5 7.e5 Nfd7 8.cxd5 exd5
9.Bd3 c5 10.O-O Nc6 11.Re1 Re8 12.Qc2 h6 13.Bf5 cxd4 14.Nb3 Nf8 15.Nfxd4 Bxf5
16.Qxf5 Nxd4 17.Nxd4 Bc5 18.Be3 Bxd4 19.Bxd4 Ne6 20.Qd3 Qh4 21.Rad1 Red8
22.Qe3 b6 23.g3 Qh3 24.f4 Rac8 25.Rc1 Rc4 26.Rxc4 dxc4 27.Rd1 Qg4 28.Rd2 g5
29.Kh1 gxf4 30.gxf4 Qxf4 31.Qxf4 Nxf4 32.Be3 Rxd2 33.Bxd2 Nd3 34.Bc3 Kh7
35.Kg2 Kg6 36.Kf3 Kf5 37.Ke3 Nxe5 38.Kd4 Ke6 39.Ke4 f5+ 40.Kd4 Nf3+ 41.Kxc4 Nxh2
42.Kb5 Nf3 43.Bg7 h5 44.Bh6 Ke5  0-1

[Event "Muenster op"]
[Site "Muenster"]
[Date "1996.??.??"]
[Round "7"]
[White "Lerner, Konstantin Z"]
[Black "Eingorn, Vereslav S"]
[Result "1/2-1/2"]
[WhiteElo "2580"]
[BlackElo "2585"]

1.d4 Nf6 2.c4 e6 3.Nf3 Bb4+ 4.Nbd2 b6 5.a3 Bxd2+ 6.Bxd2 Bb7 7.Bg5 d6 8.e3 Nbd7
9.Bd3 Qe7 10.Bh4 h6 11.Qc2  1/2-1/2

[Event "JUG-chT"]
[Site "Niksic"]
[Date "1996.??.??"]
[Round "?"]
[White "Ivanisevic, Ivan"]
[Black "Mackic, Zoran"]
[Result "1-0"]
[WhiteElo "2295"]
[BlackElo "2440"]

1.d4 Nf6 2.c4 e6 3.Nf3 Bb4+ 4.Nbd2 O-O 5.a3 Be7 6.Qc2 d5 7.e3 b6 8.b3 c5
9.dxc5 bxc5 10.Bb2 Nbd7 11.Bd3 Bb7 12.g4 Ne4 13.cxd5 exd5 14.Nxe4 dxe4 15.Bxe4 Bxe4
16.Qxe4 Bf6 17.Bxf6 Nxf6 18.Qf5 Qb6 19.g5 Nh5 20.O-O Qxb3 21.Rac1 Qxa3 22.Rxc5 g6
23.Qc2 Qa6 24.Rc1 Qe6 25.Qc4 Qxc4 26.R1xc4 f6 27.gxf6 Nxf6 28.Ng5 Rae8 29.Rc7 h6
30.Nh3 Rf7 31.Nf4 g5 32.Ne2 Re5 33.Rxf7 Kxf7 34.Ra4 a5 35.Nd4 g4 36.Kg2 Kg6
37.Nc6 Re6 38.Nxa5 Ra6 39.Ra1 Kf5 40.Nb3 Rxa1 41.Nxa1 Ne4 42.Nb3 Kg5 43.Nc1 h5
44.Nd3 Nd2 45.h3 Ne4 46.Nf4 Nd2 47.Ne6+ Kh4 48.Nf4 Kg5 49.Ne2 Ne4 50.Ng1 Nd6
51.f4+ gxf3+ 52.Kxf3 Nc4 53.Ke4 Nd2+ 54.Kd5 Kf5 55.Ne2 h4 56.Nd4+ Kf6 57.e4 Kf7
58.e5 Kg6 59.Ne2 Kf7 60.Nf4 Nf3 61.Kd6 Ke8 62.Ke6 Ng5+ 63.Kf5 Nf3 64.Nd5 Nd2
65.e6 Kf8 66.Kf6 Ne4+ 67.Ke5 Nc5 68.Nf4 Ke8 69.Ng6 Nd3+ 70.Kf6 Nf2 71.Nxh4 Ne4+
72.Ke5 Ng5 73.Nf5  1-0

[Event "JUG-ch op"]
[Site "Nis"]
[Date "1996.??.??"]
[Round "6"]
[White "Rajkovic, Dusan"]
[Black "Brajovic, Radovan"]
[Result "0-1"]
[WhiteElo "2485"]
[BlackElo "2390"]

1.d4 Nf6 2.c4 e6 3.Nf3 Bb4+ 4.Nbd2 b6 5.g3 Bb7 6.Bg2 O-O 7.a3 Bxd2+ 8.Qxd2 d6
9.O-O Nbd7 10.b3 Be4 11.Bb2 Qe7 12.Qc3 c5 13.Rad1 Rfd8 14.d5 e5 15.Bh3 b5
16.Nd2 bxc4 17.Nxe4 Nxe4 18.Qxc4 Nef6 19.e4 Rdb8 20.Rfe1 Rb6 21.Bc3 a5 22.Rb1 Ne8
23.Qa4 Rb7 24.Bxa5 Nb6 25.Bxb6 Rxa4 26.bxa4 g6 27.a5 Kg7 28.Bf1 Rb8 29.a6 Ra8
30.Ba5 Qd7 31.Bb6 Nf6 32.Bb5 Qh3 33.f3 h5 34.Re3 h4 35.Bf1 Qc8 36.a4 hxg3
37.hxg3 Rxa6 38.Bxa6 Qxa6 39.a5 Nh5 40.Kf2 f5 41.exf5 gxf5 42.Reb3 Qc4 43.R3b2 f4
44.g4 Ng3 45.Bd8 e4 46.Bh4 Qd3 47.fxe4 Nxe4+ 48.Kg2 Qxd5 49.Kh2 Nd2 50.Ra1 Nf3+
51.Kh3 Qd3 52.g5 Nxh4+  0-1

[Event "NOR-ch"]
[Site "NOR"]
[Date "1996.??.??"]
[Round "3"]
[White "Elsness, Frode"]
[Black "Tisdall, Jonathan D"]
[Result "0-1"]
[WhiteElo "2350"]
[BlackElo "2515"]

1.d4 Nf6 2.c4 e6 3.Nf3 Bb4+ 4.Nbd2 b6 5.a3 Bxd2+ 6.Qxd2 Bb7 7.e3 O-O 8.b4 d6
9.Be2 Nbd7 10.O-O Ne4 11.Qc2 f5 12.Ne1 Qe7 13.f3 Ng5 14.Nd3 c5 15.dxc5 bxc5
16.Nf4 Nb6 17.Rd1 Rac8 18.b5 Rf6 19.a4 Rh6 20.a5 Nd7 21.Qd2 Nf7 22.Qe1 Kh8
23.Bb2 Rg8 24.Rd2 Nf6 25.Rad1 g5 26.Nd3 e5 27.Bf1 Rhg6 28.Nf2 g4 29.fxg4 Nxg4
30.Nxg4 Rxg4 31.Kh1 h5 32.Qf2 Qe6 33.h3 Rg3 34.Kh2 h4 35.Qf4 Qf6 36.Rf2 R8g6
37.Rxd6 Qxd6 38.Qxf5 Rg7 39.a6 Ba8 40.Qc8+ Rg8 41.Qf5 R3g7 42.Kh1 Re8 43.Rf4 Kg8
44.Rxh4 Qd2  0-1

[Event "ESP-chT"]
[Site "Oropesa del Mar"]
[Date "1996.??.??"]
[Round "8"]
[White "Izeta Txabarri, Felix"]
[Black "Garcia Ilundain, David"]
[Result "1/2-1/2"]
[WhiteElo "2525"]
[BlackElo "2520"]

1.d4 Nf6 2.Nf3 e6 3.c4 Bb4+ 4.Nbd2 b6 5.a3 Bxd2+ 6.Bxd2 h6 7.g3 Bb7 8.Bg2 d6
9.O-O Nbd7 10.b3 a5 11.Bc3 O-O 12.Bb2 Qb8 13.Bh3 Re8 14.Rc1 c5 15.Re1 Qc7
16.Nd2 cxd4 17.Bxd4 e5 18.Bb2 Nc5 19.b4 axb4 20.axb4 Ra2 21.Rc2 Nce4 22.Bg2 Nxf2
23.Qb1 Raa8  1/2-1/2

[Event "Komercni Banka op"]
[Site "Pardubice"]
[Date "1996.??.??"]
[Round "8"]
[White "Pliester, Leon"]
[Black "Ptacnikova, Lenka"]
[Result "1-0"]
[WhiteElo "2350"]
[BlackElo "2210"]

1.d4 Nf6 2.c4 e6 3.Nf3 Bb4+ 4.Nbd2 d5 5.e3 O-O 6.Bd3 b6 7.O-O Bb7 8.Qc2 Be7
9.e4 g6 10.cxd5 exd5 11.e5 Ne8 12.Nb3 Ba6 13.Bh6 Bxd3 14.Qxd3 Ng7 15.Rac1 c6
16.Rfe1 Re8 17.h3 Qc8 18.Nh2 Nf5 19.Bf4 h5 20.g4 Ng7 21.Bh6 hxg4 22.hxg4 Ne6
23.Nd2 Qa6 24.Qh3 Nxd4 25.Kg2 Ne6 26.Nhf3 g5 27.Kg3 Nf4 28.Qh2 Qd3 29.Re3 Qh7
30.Nxg5 Bxg5 31.Bxg5 Qxh2+ 32.Kxh2 Ng6 33.f4 c5 34.Rce1 Nc6 35.e6 f6 36.Bxf6 Nxf4
37.Kg3 d4 38.Re4 Nd5 39.g5 Kh7 40.Nf3 Nxf6 41.gxf6 Kg6 42.f7  1-0

[Event "ARG-ch"]
[Site "Pena City"]
[Date "1996.??.??"]
[Round "10"]
[White "Slipak, Sergio"]
[Black "Dorin, Mauricio"]
[Result "0-1"]
[WhiteElo "2515"]
[BlackElo "2290"]

1.d4 Nf6 2.Nf3 e6 3.c4 Bb4+ 4.Nbd2 d5 5.Qa4+ Nc6 6.e3 O-O 7.Qc2 Ne4 8.a3 Bxd2+
9.Nxd2 f5 10.Be2 Ne7 11.O-O Bd7 12.f3 Nf6 13.Bd3 c6 14.b4 Be8 15.Bb2 Kh8
16.a4 Nfg8 17.Nb3 Rf6 18.Rae1 Rh6 19.Bc3 dxc4 20.Bxc4 Nd5 21.g3 Nxc3 22.Qxc3 Qd6
23.e4 f4 24.g4 b6 25.Rf2 Rd8 26.Bf1 Ne7 27.a5 Ng6 28.axb6 axb6 29.Ra1 Qe7
30.Ra3 Rb8 31.Rfa2 Rh4 32.Ra7 Qf6 33.Ra8 Rd8 34.Qa1 h5 35.e5 Qg5 36.Rxd8 Qxd8
37.Ra8 Qe7 38.Qa7 Qxb4 39.Rxe8+ Kh7 40.Qa2 Qc3 41.Qf2 hxg4 42.Rxe6 g3 43.hxg3 fxg3
44.Qxg3 Qe3+ 45.Qf2 Rh1+ 46.Kxh1 Qxf2  0-1

[Event "ARG-ch"]
[Site "Pena City"]
[Date "1996.??.??"]
[Round "13"]
[White "Sorin, Ariel"]
[Black "Valerga, Diego"]
[Result "1/2-1/2"]
[WhiteElo "2485"]
[BlackElo "2445"]

1.d4 Nf6 2.c4 e6 3.Nf3 Bb4+ 4.Nbd2 O-O 5.a3 Bxd2+ 6.Bxd2 Ne4 7.Be3 d6 8.g3 Nd7
9.Bg2 f5 10.O-O Qe8 11.Nd2 Ndf6 12.Nxe4 Nxe4 13.Qc2 Qh5 14.c5 dxc5 15.dxc5 e5
16.Rad1 Nf6 17.f3 Be6 18.b4 Rac8 19.Bc1 c6 20.e4 fxe4 21.fxe4 Bh3 22.Rde1  1/2-1/2

[Event "Pico City op"]
[Site "Pico City"]
[Date "1996.??.??"]
[Round "2"]
[White "Valerga, Diego"]
[Black "Slipak, Sergio"]
[Result "1-0"]
[WhiteElo "2445"]
[BlackElo "2515"]

1.d4 Nf6 2.c4 e6 3.Nf3 Bb4+ 4.Nbd2 d5 5.e3 O-O 6.a3 Bxd2+ 7.Nxd2 b6 8.Be2 Bb7
9.O-O Nbd7 10.b4 c5 11.dxc5 bxc5 12.Bb2 Qe7 13.cxd5 Bxd5 14.b5 Rfc8 15.Qc2 e5
16.Nc4 Nb6 17.Nxe5 Qe6 18.Bf3 Rab8 19.Bxd5 Nbxd5 20.Nc6 Rb7 21.Bxf6 Nxf6
22.Rfd1 Nd7 23.Rd2 Nb8 24.Rad1 Rd7 25.Nxa7 Rcc7 26.Rxd7 Rxd7 27.h3 Qb6 28.Nc6 Qxb5
29.Rb1 Qxb1+ 30.Qxb1 Nxc6 31.Qe4  1-0